<?xml version="1.0" encoding="UTF-8"?>
<record
    xmlns:xsi="http://www.w3.org/2001/XMLSchema-instance"
    xsi:schemaLocation="http://www.loc.gov/MARC21/slim http://www.loc.gov/standards/marcxml/schema/MARC21slim.xsd"
    xmlns="http://www.loc.gov/MARC21/slim">

  <leader>01137nam a22002537a 4500</leader>
  <controlfield tag="005">20170124102938.0</controlfield>
  <datafield tag="010" ind1=" " ind2=" ">
    <subfield code="a">B-069026</subfield>
  </datafield>
  <datafield tag="020" ind1=" " ind2=" ">
    <subfield code="c">245.00</subfield>
    <subfield code="a">8126307757</subfield>
  </datafield>
  <datafield tag="035" ind1=" " ind2=" ">
    <subfield code="a">B-069026</subfield>
  </datafield>
  <datafield tag="037" ind1=" " ind2=" ">
    <subfield code="b">Cen Lib/Ret</subfield>
  </datafield>
  <datafield tag="040" ind1=" " ind2=" ">
    <subfield code="a">DPL</subfield>
    <subfield code="b">HN</subfield>
  </datafield>
  <datafield tag="082" ind1=" " ind2=" ">
    <subfield code="a">824</subfield>
    <subfield code="b">&#x930;&#x93E;&#x92F;&#x915;&#x941;</subfield>
  </datafield>
  <datafield tag="100" ind1=" " ind2=" ">
    <subfield code="a">&#x930;&#x93E;&#x92F;, &#x915;&#x941;&#x92C;&#x947;&#x930;&#x928;&#x93E;&#x925; </subfield>
    <subfield code="9">47424</subfield>
  </datafield>
  <datafield tag="245" ind1=" " ind2=" ">
    <subfield code="a">&#x930;&#x93E;&#x92E;&#x93E;&#x92F;&#x923; &#x92E;&#x939;&#x93E;&#x924;&#x940;&#x930;&#x94D;&#x925;&#x92E; /</subfield>
    <subfield code="c">&#x915;&#x941;&#x92C;&#x947;&#x930;&#x928;&#x93E;&#x925; &#x930;&#x93E;&#x92F; </subfield>
  </datafield>
  <datafield tag="246" ind1=" " ind2=" ">
    <subfield code="a">Ramayan mahateertham /</subfield>
    <subfield code="b">by Kubernath Ray </subfield>
  </datafield>
  <datafield tag="260" ind1=" " ind2=" ">
    <subfield code="a">&#x928;&#x92F;&#x940; &#x926;&#x93F;&#x932;&#x94D;&#x932;&#x940; </subfield>
    <subfield code="b">&#x92D;&#x93E;&#x930;&#x924;&#x940;&#x92F; &#x91C;&#x94D;&#x91E;&#x93E;&#x928;&#x92A;&#x940;&#x920; </subfield>
    <subfield code="c">2002</subfield>
  </datafield>
  <datafield tag="270" ind1=" " ind2=" ">
    <subfield code="b">&#x928;&#x92F;&#x940; &#x926;&#x93F;&#x932;&#x94D;&#x932;&#x940; </subfield>
    <subfield code="a">18, &#x907;&#x902;&#x938;&#x94D;&#x91F;&#x940;&#x91F;&#x94D;&#x92F;&#x942;&#x936;&#x928;&#x932; &#x90F;&#x930;&#x93F;&#x92F;&#x93E;, &#x932;&#x94B;&#x926;&#x940; &#x930;&#x94B;&#x921; </subfield>
    <subfield code="e">110003</subfield>
  </datafield>
  <datafield tag="300" ind1=" " ind2=" ">
    <subfield code="a">351&#x92A;&#x943;.                                              </subfield>
    <subfield code="c">21&#x938;&#x947;&#x92E;&#x940; (&#x938;&#x91C;&#x93F;&#x932;&#x94D;&#x926;)</subfield>
  </datafield>
  <datafield tag="650" ind1=" " ind2=" ">
    <subfield code="a">&#x939;&#x93F;&#x928;&#x94D;&#x926;&#x940; -- &#x930;&#x93E;&#x915;&#x94D;&#x937;&#x938; -- &#x917;&#x93E;&#x925;&#x93E; </subfield>
    <subfield code="9">47425</subfield>
  </datafield>
  <datafield tag="650" ind1=" " ind2=" ">
    <subfield code="a">&#x939;&#x93F;&#x928;&#x94D;&#x926;&#x940; -- &#x930;&#x93E;&#x92E; -- &#x917;&#x93E;&#x925;&#x93E; </subfield>
    <subfield code="9">47426</subfield>
  </datafield>
  <datafield tag="650" ind1=" " ind2=" ">
    <subfield code="a">Hindi -- Monster - Saga</subfield>
    <subfield code="9">47427</subfield>
  </datafield>
  <datafield tag="650" ind1=" " ind2=" ">
    <subfield code="a">Hindi - Ram - Saga</subfield>
    <subfield code="9">47428</subfield>
  </datafield>
  <datafield tag="942" ind1=" " ind2=" ">
    <subfield code="2">ddc</subfield>
    <subfield code="c">HN</subfield>
    <subfield code="h">824</subfield>
    <subfield code="m">&#x930;&#x93E;&#x92F;&#x915;&#x941;</subfield>
  </datafield>
  <datafield tag="999" ind1=" " ind2=" ">
    <subfield code="c">112433</subfield>
    <subfield code="d">112433</subfield>
  </datafield>
  <datafield tag="952" ind1=" " ind2=" ">
    <subfield code="0">0</subfield>
    <subfield code="1">0</subfield>
    <subfield code="4">0</subfield>
    <subfield code="7">0</subfield>
    <subfield code="a">L</subfield>
    <subfield code="b">L</subfield>
    <subfield code="d">2015-08-08</subfield>
    <subfield code="e">Cen Lib/Ret</subfield>
    <subfield code="g">245.00</subfield>
    <subfield code="l">1</subfield>
    <subfield code="o">824 &#x930;&#x93E;&#x92F;&#x915;&#x941;</subfield>
    <subfield code="p">B-069026</subfield>
    <subfield code="r">2022-06-22 00:00:00</subfield>
    <subfield code="s">2022-05-05</subfield>
    <subfield code="t">1</subfield>
    <subfield code="v">245.00</subfield>
    <subfield code="w">2015-08-08</subfield>
    <subfield code="y">HN</subfield>
  </datafield>
</record>
